Advice concerning an information technology agreement and modification of duties on distilled spirits.

Bibliographic Details
Corporate Author: United States International Trade Commission
Format: Government Document Book
Language:English
Published: Washington, DC : U.S. International Trade Commission, [1997]
Series:USITC publication ; 3031.
Subjects:
Online Access:WordPerfect 6.1 or higher required

MARC

Tag First Indicator Second Indicator Subfields
LEADER 00000cam a22000007a 4500
001 in00000003170
006 m u f
008 990315s1997 dcu f000 0 eng d
005 20230309222523.5
035 |a (OCoLC)40960028 
035 |9 AJG2283AM 
035 |a in00000003170 
040 |a GPO  |c GPO  |d DLC  |d MvI  |d UtOrBLW 
049 |a UMIC 
074 |a 0980-E (online) 
086 0 |a ITC 1.12:332-380 
110 2 |a United States International Trade Commission. 
245 1 0 |a Advice concerning an information technology agreement and modification of duties on distilled spirits. 
264 1 |a Washington, DC :  |b U.S. International Trade Commission,  |c [1997] 
336 |a text  |b txt  |2 rdacontent 
337 |a computer  |b c  |2 rdamedia 
338 |a unspecified  |b zu  |2 rdacarrier 
490 1 |a Publication ;  |v 3031 
500 |a Mode of access: Internet from the Commission's web site. 
500 |a Title from title screen. 
500 |a Electronic resource. 
650 0 |a Duty-free importation. 
650 0 |a Tariff on electronic equipment. 
650 0 |a Tariff on liquors. 
830 0 |a USITC publication ;  |v 3031. 
856 4 |u https://purl.fdlp.gov/GPO/LPS2452  |z WordPerfect 6.1 or higher required  |t 0 
999 |a MARS 
999 f f |i 37cb5706-15f9-318c-99c2-d6e07ad91f2d  |s 8187bd48-c47a-3b32-bab4-8314b7f9dbb6  |t 0 
952 f f |p normal  |a Texas A&M University  |b College Station  |c Sterling C. Evans Library  |d Evans: US Documents Microfiche (3rd floor)  |t 0  |e ITC 1.12:332-380  |h Superintendent of Documents classification  |i unspecified -- unspecified  |m A14838411753 
952 f f |a Texas A&M University  |b College Station  |c Electronic Resources  |d Available Online  |t 0  |e ITC 1.12:332-380  |h Superintendent of Documents classification 
998 f f |a ITC 1.12:332-380  |t 0  |l Available Online 
998 f f |a ITC 1.12:332-380  |t 0  |l Evans: US Documents Microfiche (3rd floor)